Statistics for Olympian Gods Quiz

Click here to take the quiz!

General Stats

  • This quiz has been taken 210,055 times
    (209,981 since last reset)
  • The average score is 18 of 39

Answer Stats

Description Culture God % Correct
King of the godsGreekZeus
99%
God of the underworldGreekHades
87%
Lord of the seasGreekPoseidon
84%
Queen of the godsGreekHera
79%
Goddess of wisdomGreekAthena
79%
Goddess of love & beautyGreekAphrodite
78%
God of warRomanMars
74%
King of the godsRomanJupiter
74%
Goddess of love & beautyRomanVenus
71%
Lord of the seasRomanNeptune
70%
Messenger of the godsGreekHermes
70%
God of warGreekAres
69%
God of lightBothApollo
68%
Greatest of Greek heroesRomanHercules
68%
Messenger of the godsRomanMercury
61%
God of the underworldRomanPluto
57%
Goddess of the huntGreekArtemis
56%
God of wineGreekDionysus
53%
God of loveRomanCupid
53%
Queen of the underworldGreekPersephone
44%
Craftsman of the godsGreekHephaestus
44%
God of loveGreekEros
38%
God of wineRomanBacchus
38%
Goddess of the huntRomanDiana
37%
Greatest of Greek heroesGreekHeracles
36%
Queen of the godsRomanJuno
35%
Goddess of fertilityGreekDemeter
34%
Goddess of wisdomRomanMinerva
29%
God of the wildGreekPan
28%
Goddess of the hearthGreekHestia
25%
Craftsman of the godsRomanVulcan
25%
Goddess of fertilityRomanCeres
15%
Goddess of the hearthRomanVesta
12%
God of medicineGreekAsclepius
9%
Queen of the underworldRomanProserpina
7%
Cupbearer of the godsGreekHebe
6%
God of the wildRomanFaunus
5%
God of medicineRomanVejovis
4%
Cupbearer of the godsRomanJuventas
3%

Score Distribution

Percentile by Number Answered

Percent of People with Each Score

Your Score History

You have not taken this quiz since the last reset